Záchrana ohrozeného genofondu starých a krajových odrôd z rastlinných druhov na Slovensku zborník z výročného seminára riešenia integrovaného vedecko-technického projektu C519/3 - D 118/VTPC/1998 ... konaný dňa 5. februára 2003 v Nitre

Bibliographic Details
Other Authors: Brindza, Jan, 1949- (Compiler)
Format: Book
Language:Slovak
PhysicalDescription:181 s. fotogr., mp., sch., tab. 30 cm
Published: V Nitre Slovenská poľnohospodárska univerzita 2003
ISBN:8080691509
Edition:[1. vyd.]
Series:Genotyp
Subjects:

MARC

LEADER 00000nam a2200000 a 4500
001 vtls001478642
003 SK-MaSNL
005 20260328034440.0
008 251029s2003 xo ab f d 100 0 slo
015 |a SNBA2004/10-05788 
020 |a 8080691509 
035 |a SNK000433942 
035 |a urn:nbn:sk:snk-amjtls 
035 |a urn:nbn:sk:snk:ar-a0c6a1 
035 |a 23dce6c4-b113-4b3a-aa70-291939769bb3 
040 |a SNK  |b slo  |c SNK  |e AACR2 
041 0 |a slo  |b eng 
043 |a e-xo--- 
044 |a xo  |c SK 
072 7 |a 575  |2 konspekt 
080 |a 504:582(437.6)(082)  |2 1981 
080 |a 504:582  |2 1981 
080 |a 502.172:582  |2 1981 
080 |a 575.113  |2 1981 
080 |a 574.1  |2 1981 
080 |a (437.6)  |2 1981 
080 |a (063)  |2 1981 
245 0 0 |a Záchrana ohrozeného genofondu starých a krajových odrôd z rastlinných druhov na Slovensku  |b zborník z výročného seminára riešenia integrovaného vedecko-technického projektu C519/3 - D 118/VTPC/1998 ... konaný dňa 5. februára 2003 v Nitre  |c [zostavovateľ: Ján Brindza] 
250 |a [1. vyd.] 
260 |a V Nitre  |b Slovenská poľnohospodárska univerzita  |c 2003 
300 |a 181 s.  |b fotogr., mp., sch., tab.  |c 30 cm 
366 |e 150 výt. 
490 1 |a Genotyp  |v č. 34 
504 |a Bibliogr. odkazy 
650 0 7 |a ochrana rastlín  |2 SNK  |9 3636 
650 0 7 |a biodiverzita  |2 SNK  |9 3702 
650 0 7 |a ohrozené druhy rastlín  |2 SNK  |9 1635674 
655 7 |a zbierky  |2 SNK  |9 70533 
655 7 |a zborníky  |2 SNK  |9 70165 
655 7 |a issue_zb  |2 SNK  |9 276493 
700 1 |a Brindza, Jan,  |d 1949-  |4 com  |9 190637 
752 |a Slovensko  |d Nitra 
830 0 |a Genotyp  |9 300496 
919 |a 80-8069-150-9 
954 |a odborná, vedecká literatúra pôvodná (slovenská)  |2 lita 
958 |a ART 
958 |a NB 
958 |a OND 
968 |d 50 
999 |c 1161536  |d 1163466 
952 |t P60, <03>, [BOOK], {603}  |a SNK  |b SNK  |y PREZ  |7 0  |p 17A0437424  |o snkSB 68889  |i snkKSP 9370/2004  |0 0  |1 0  |4 0  |d 2004-07-16  |f 1  |l 0  |r 2025-04-23 00:00:00  |w 2026-02-24 
952 |t P60, <04>, [BOOK], {604}  |a SNK  |b SNK  |y VYP  |7 0  |p 17A0437425  |o snkSB 68889 D1  |i snkKSP 9371/2004  |0 0  |1 0  |4 0  |d 2004-07-16  |l 0  |r 2005-01-02 00:00:00  |w 2026-02-24